All Wings of Fire Characters (Updated) - Statistics

General Stats
  • This quiz has been taken 19 times
    13 since last reset
  • The average score is 145 of 422
Answer Stats
Hint Answer % Correct
SeaWing Anemone
89%
IceWing Arctic
78%
SeaWing Auklet
78%
SilkWing Blue
78%
MudWIng Clay
78%
RainWing Glory
78%
NightWing Starflight
78%
Night-SandWing Sunny
78%
SeaWing Tsunami
78%
SilkWing Admiral
67%
IceWing Alba
67%
SeaWing Albatross
67%
NightWing Battlewinner
67%
LeafWing Belladonna
67%
NightWing Bigtail
67%
SandWing Blaze
67%
SandWing Blister
67%
SandWing Burn
67%
MudWing Crane *2
67%
HiveWing Cricket
67%
IceWing Diamond
67%
SilkWing Luna
67%
NightWing Moonwatcher
67%
SkyWing Peril
67%
SandWing Qibli
67%
IceWing Snowfall
67%
SeaWing Turtle
67%
IceWing Winter
67%
SeaWing Abalone
56%
NightWing Allknowing
56%
Unknown Ash
56%
MudWing Asha
56%
SkyWing Avalanche
56%
RainWing Bromeliad
56%
HiveWing Bumblebee
56%
SkyWing Carnelian
56%
NightWing Clearsight
56%
SkyWing Cliff
56%
SandWing Cobra
56%
RainWing Coconut
56%
SeaWing Coral
56%
Ice-NightWing Darkstalker
56%
SandWing Dune
56%
SeaWing Fathom
56%
NightWing Fierceteeth
56%
IceWing Fjord
56%
SeaWing Gill
56%
IceWing Glacier
56%
SkyWing Hawk
56%
NightWing Hope/Foeslayer
56%
IceWing Icicle
56%
SandWing Jerboa
56%
Beetle-NightWing | HiveWing Jewel
56%
SkyWing Kestrel
56%
RainWing Kinkajou
56%
MudWing Marsh
56%
NightWing Mastermind
56%
NightWing Mightyclaws
56%
NightWing Mindreader
56%
IceWing Narwhal
56%
SeaWing Nautilus
56%
SandWing Onyx
56%
SkyWing Osprey
56%
SandWing Palm
56%
MudWing Reed
56%
SeaWing Riptide
56%
SkyWing Created by Animus Magic Ruby
56%
SkyWing Scarlet
56%
SandWing Six-Claws
56%
SkyWing Sky
56%
SeaWing Squid
56%
NightWing Stonemover
56%
LeafWing Sundew
56%
SilkWing Swordtail
56%
SandWing Thorn
56%
SeaWing Tortoise
56%
SeaWing Webs
56%
SeaWing Whirlpool
56%
Ice-NightWing Whiteout
56%
LeafWing Willow
56%
Human Wren
56%
SandWing Addax
44%
RainWing Anaconda
44%
SandWing Arid
44%
SandWing Armadillo
44%
Human Bandit
44%
SeaWing Barracuda
44%
Octopus Blob
44%
HiveWing Bloodworm
44%
RainWing Boto
44%
RainWing Bright
44%
MudWing Cattail
44%
MudWing Crocodille
44%
NightWing Deathbringer
44%
Fox Dinner
44%
SkyWing Eagle *2
44%
RainWing Exquisite
44%
SkyWing Flame
44%
RainWing Fruit Bat
44%
RainWing Grandeur
44%
IceWing Hailstorm
44%
LeafWing Hawthorn
44%
LeafWing Hazel
44%
RainWing Hemlock
44%
SandWing Horizon
44%
HiveWing Hornet
44%
IceWing Hvitur
44%
SeaWing Indigo
44%
SilkWing Io
44%
Human Ivy
44%
RainWing Jambu
44%
SandWing Created by Animus Magic Jerboa II
44%
SandWing Created by Animus Magic Jerboa III
44%
HiveWing Katydid
44%
Human Leaf
44%
RainWing Liana
44%
NightWing Listener
44%
IceWing Lynx
44%
RainWing Magnificent
44%
LeafWing Mandrake
44%
SilkWing Monarch *3
44%
MudWing Moorhen
44%
NightWing Morrowseer
44%
LeafWing Nettle
44%
SandWing Oasis
44%
MudWing Ochre
44%
Beetle-NightWing Orange
44%
SeaWing Orca
44%
SandWing Ostrich *2
44%
MudWing Pheasant
44%
NightWing Preyhunter
44%
SandWing Rattlesnake
44%
Human Rose
44%
SandWing Scorpion
44%
NightWing Secretkeeper
44%
SeaWing Shark
44%
SandWing Sirocco
44%
SeaWing Snail *2
44%
MudWing Sora
44%
NightWing Strongwings
44%
RainWing Tamarin
44%
IceWing Tundra
44%
MudWing Umber
44%
SandWing Viper
44%
SandWing Vulture
44%
HiveWing Wasp
44%
LeafWing Wolfsbane
44%
HiveWing Yellowjacket
44%
SandWing Agave
33%
HiveWing Aphid
33%
Human Arbutus
33%
SilkWing Argus
33%
Human Argyll
33%
Human Aster
33%
SilkWing Atala
33%
Human Axolotl
33%
Human Azalea
33%
MudWing Bayou
33%
Human Bluebell
33%
Human Boar
33%
HiveWing Bombardier
33%
LeafWing Bryony
33%
MudWing | RainWing Bullfrog
33%
Human Butterfly
33%
SandWing Camel
33%
SandWing Capybara
33%
IceWing Changbai
33%
HiveWing Cicada *2
33%
Human Cottonmouth
33%
Human Coyote
33%
IceWing Crystal
33%
Human Daisy
33%
Cat Dragon
33%
HiveWing Earthworm
33%
NightWing Farsight
33%
NightWing Fatespeaker
33%
Multiple Tribes Freedom
33%
SkyWing Garnet
33%
HiveWing Glowworm
33%
HiveWing Grasshopper
33%
SilkWing Grayling
33%
NightWing Greatness
33%
RainWing Handsome
33%
SeaWing Herring
33%
HiveWing Inchworm
33%
Unknown Juniper
33%
SeaWing Lagoon *2
33%
RainWing Loris
33%
RainWing Mangrove
33%
SeaWing Manta
33%
HiveWing Mantis
33%
LeafWing Maple
33%
Human Mole
33%
SeaWing Moray
33%
NightWing Morrowwatcher
33%
MudWing Newt
33%
SeaWing Octopus
33%
RainWing Orangutan
33%
RainWing Orchid
33%
Night-RainWing Peacemaker
33%
SeaWing Pearl *2
33%
IceWing Penguin
33%
SeaWing Pike
33%
Human Pine
33%
SandWing Prickle
33%
SandWing Pronghorn
33%
HiveWing Scarab
33%
MudWing Sepia
33%
LeafWing Sequoia
33%
Sloth Silver
33%
SandWing Smolder
33%
SeaWing Snapper
33%
IceWing Snowflake
33%
IceWing Snowfox
33%
IceWing Snowstorm *20+
33%
SkyWing Sunset
33%
MudWing Swamp
33%
RainWing Tapir
33%
HiveWing The Librarian
33%
NightWing Thoughtful
33%
SkyWing Thrush
33%
HiveWing Tsetse
33%
Ice-SeaWing Typhoon
33%
NightWing Vengeance
33%
SkyWing Vermilion
33%
Human Violet
33%
Human Vole
33%
MudWing Anhinga
22%
Unknown Beryl
22%
Human Brook
22%
SilkWing Burnet
22%
LeafWing Byblis
22%
HiveWing Cadelle
22%
Human Camellia
22%
SkyWing Canyon
22%
HiveWing Carabid
22%
Human | SkyWing Cardinel
22%
IceWing Caribou *30+
22%
SkyWing Carmine
22%
SandWing Cereus
22%
SeaWing Cerulean
22%
HiveWing Chafer
22%
SandWing Char
22%
Human Chipmunk
22%
SilkWing | SkyWing Cinnabar
22%
SeaWing Clearpool
22%
SilkWing Clorinde
22%
SilkWing Clubtail
22%
LeafWing Cobra Lily
22%
HiveWing Cochineal
22%
NightWing Comet
22%
Beetle-NightWing Commodore
22%
MudWing Copperhead
22%
SeaWing Cowrie
22%
Human Cranberry
22%
Human Crow
22%
Human Daffodil
22%
SilkWing Danaid
22%
RainWing Dazzling
22%
NightWing Deadlyclaws
22%
SilkWing Diadem
22%
NightWing Discretion
22%
Unknow Dragonfly
22%
SilkWing Dusky
22%
HiveWing Earwig
22%
Ice-NightWing | NightWing Eclipse
22%
SeaWing Eel
22%
IceWing Ermine
22%
NightWing Fearless
22%
SilkWing Festoon
22%
NightWing Fierceclaws
22%
SeaWing Fin
22%
Night-RainWing Firefly
22%
SkyWing Firestorm
22%
NightWing Foreseer
22%
Human Forest
22%
Human Foxglove
22%
SilkWing Fritillary
22%
MudWing Ghariel
22%
RainWing Gibbon
22%
SilkWing Glider
22%
Human Gorge
22%
Human Grove
22%
SkyWing Harrier
22%
HiveWing Hawker
22%
Human Heath
22%
RainWing Heliconia
22%
Human Invincible Lord
22%
IceWing Ivory
22%
RainWing Jacaranda
22%
Human Jaguar
22%
SkyWing Jasper
22%
NightWing Jewel-eyes
22%
SeaWing Kelp
22%
SandWing Kindle
22%
SilkWing Lappet
22%
Human Lark
22%
Human Laurel
22%
LeafWing Linden
22%
HiveWing Lubber
22%
Unknown Magnolia
22%
HiveWing Malachite
22%
RainWing Mango
22%
MudWing Mayfly
22%
SandWing Meerkat
22%
HiveWing Midge
22%
NightWing Mindhealer
22%
IceWing Mink
22%
MudWing Moccasin
22%
SilkWing Morpho
22%
Human Moth
22%
Human Mushroom
22%
SandWing Needle
22%
NightWing Obsidian
22%
Human Ocelot
22%
LeafWing Odollam
22%
MudWing Olive
22%
IceWing Opal
22%
Plant Othermind
22%
SandWing Parch
22%
SkyWing Peregrine
22%
Human Petal
22%
RainWing Pineapple
22%
SeaWing Piranha
22%
LeafWing Pokeweed
22%
IceWing Polar Bear
22%
MudWing Possum
22%
NightWing Prudence
22%
SkyWing Created by Animus Magic Pyrite
22%
RainWing Python
22%
Human Quartz
22%
NightWing Quickdeath
22%
SandWing Quicksand
22%
Human Raven
22%
SeaWing Reef
22%
Human Root
22%
HiveWing Rootworm
22%
Human Rover
22%
Human | Unknown Rowan
22%
Unknown Sage
22%
HiveWing Sandfly
22%
SandWing Sandstorm
22%
SeaWing Sapphire
22%
MudWing Sawgrass
22%
SandWing Scald
22%
RainWing Siamang
22%
SilkWing Silverspot
22%
SandWing Singe
22%
NightWing Smokeseer
22%
Fox Snowy
22%
RainWing Splendor
22%
Human Squirrel
22%
NightWing Starclaws
22%
BeetleWing Sunstreak
22%
NightWing Swiftwings
22%
Human Tadpole
22%
SkyWing Tailwind
22%
SilkWing Tau
22%
MudWing Taupe
22%
SilkWing Temora
22%
SeaWing Tempest
22%
NightWing The Prophetess
22%
Human Thyme
22%
SandWing Torch
22%
Beetle-NightWing Tortoiseshell *2
22%
HiveWing Treehopper
22%
Human Trout
22%
NightWing Truthfinder
22%
RainWing Tualang
22%
SilkWing Tussock
22%
Human Undauntable
22%
HiveWing Vinegaroon
22%
NightWing Vision
22%
MudWing Warthog
22%
SeaWing Wharf
22%
SilkWing Whitespeck *2
22%
NightWing Wisdom
22%
NightWing Wisemind
22%
SilkWing Xenica
22%
LeafWing Zelkova
22%
NightWing Bonecruncher/Greentalon
11%
RainWing Chemeleon
11%
MudWing Coypu
11%
SeaWing Current
11%
SeaWing Droplet
11%
MudWing Egret
11%
SeaWing Flounder
11%
IceWing Frostbite
11%
IceWing Legend Great Ice Dragon
11%
Unknown Guava
11%
SilkWing Heliconian
11%
SeaWing Humpback
11%
IceWing Igloo
11%
SeaWing Lionfish
11%
SandWing Ocotillo
11%
IceWing Permafrost
11%
SilkWing Pierid
11%
HiveWing Pinacate
11%
NightWing Quickstrike
11%
SeaWing Ripple
11%
SandWing Saguro
11%
SeaWing Scallop
11%
Ice-NightWing Shadowhunter
11%
Sloth Shaggy
11%
SilkWing Silverwash
11%
Cat Slasher
11%
NightWing Slaughter
11%
SeaWing Splash
11%
Cockatoo Talkatoo
11%
SandWing | Unknown Tawny
11%
Sloth Toe-Fur
11%
NightWing Tunesmith
11%
SeaWing Urchin
11%
NightWing Viligance
11%
HiveWing Weevil
11%
No matching quizzes found
Score Distribution
Percent of People with Each Score
Percentile by Number Answered
Your Score History
You have not taken this quiz since the last reset